<?xml version="1.0" encoding="UTF-8"?>
<record
    xmlns:xsi="http://www.w3.org/2001/XMLSchema-instance"
    xsi:schemaLocation="http://www.loc.gov/MARC21/slim http://www.loc.gov/standards/marcxml/schema/MARC21slim.xsd"
    xmlns="http://www.loc.gov/MARC21/slim">

  <leader>01133nam a2200205   4500</leader>
  <controlfield tag="003">LK-CoMWRAF</controlfield>
  <controlfield tag="005">20231218103757.0</controlfield>
  <controlfield tag="008">231218b        |||||||| |||| 00| 0 eng d</controlfield>
  <datafield tag="020" ind1=" " ind2=" ">
    <subfield code="a">9789555672235</subfield>
  </datafield>
  <datafield tag="040" ind1=" " ind2=" ">
    <subfield code="a">LK-CoMWRAF</subfield>
    <subfield code="d">LK-CoMWRAF</subfield>
    <subfield code="e">LK-CoMWRAF</subfield>
  </datafield>
  <datafield tag="041" ind1=" " ind2=" ">
    <subfield code="a">sin</subfield>
  </datafield>
  <datafield tag="082" ind1=" " ind2=" ">
    <subfield code="a">303.48</subfield>
    <subfield code="b">MAW</subfield>
  </datafield>
  <datafield tag="100" ind1=" " ind2=" ">
    <subfield code="a">&#xDB8;&#xDC0;&#xDD4;&#xDB1;&#xD9C;&#xDD4;&#xDBB;&#xDD4;, &#xDC3;&#xDD2;&#xDAD;&#xDCA;&#x200D;&#xDBB;&#xDBD;&#xDDA;&#xD9C;&#xDCF;  </subfield>
  </datafield>
  <datafield tag="110" ind1=" " ind2=" ">
    <subfield code="a">&#xD91;&#xDB8;&#xDD0;&#xDB1;&#xDD4;&#xDC0;&#xDD9;&#xDBD;&#xDCA;, &#xDC3;&#xDBB;&#xDBD;&#xDCF; </subfield>
  </datafield>
  <datafield tag="245" ind1=" " ind2=" ">
    <subfield code="a">&#xDB4;&#xDD9;&#xDB1;&#xDCA;&#xD9A;&#xDBD;&#xDD2;&#xDB1;&#xDCA; &#xDB1;&#xDD2;&#xDBD;&#xDB8;&#xDCA; :</subfield>
    <subfield code="b">&#xDB8;&#xDA9;&#xD9A;&#xDBD;&#xDB4;&#xDD4;&#xDC0;&#xDDA; &#xDB4;&#xDC1;&#xDCA;&#xDA0;&#xDCF;&#xDAD;&#xDCA; &#xDC3;&#xDD4;&#xDB1;&#xDCF;&#xDB8;&#xDD2; &#xDBA;&#xDC5;&#xDD2; &#xDB4;&#xDAF;&#xDD2;&#xD82;&#xDA0;&#xDD2; &#xD9A;&#xDBB;&#xDC0;&#xDD3;&#xDB8;&#xDDA; &#xD9A;&#xDCA;&#x200D;&#xDBB;&#xDD2;&#xDBA;&#xDCF;&#xDC0;&#xDBD;&#xDD2;&#xDBA; &#xDAD;&#xDD4;&#xDC5; &#xD9A;&#xDCF;&#xDB1;&#xDCA;&#xDAD;&#xDCF;&#xDC0;&#xDB1;&#xDCA;&#xD9C;&#xDDA; &#xD89;&#xDA9;&#xDB8;&#xDCA; &#xD85;&#xDBA;&#xDD2;&#xDAD;&#xDD2;&#xDBA; &#xDB4;&#xDD2;&#xDBD;&#xDD2;&#xDB6;&#xDB3; &#xD85;&#xDB0;&#xDCA;&#x200D;&#xDBA;&#xDB1;&#xDBA;&#xD9A;&#xDCA; </subfield>
  </datafield>
  <datafield tag="246" ind1=" " ind2=" ">
    <subfield code="a">Penkalin nilam : Madakalapuwe pashchath sunami yali padinchi karaweeme kriyawaliya thula kanthawage idam aithiya pilibnda adyanayak</subfield>
  </datafield>
  <datafield tag="260" ind1=" " ind2=" ">
    <subfield code="a">&#xDB8;&#xDA9;&#xD9A;&#xDBD;&#xDB4;&#xDD4;&#xDC0; : </subfield>
    <subfield code="b">&#xDC3;&#xDD6;&#xDBB;&#xDD2;&#xDBA;&#xDCF; &#xD9A;&#xDCF;&#xDB1;&#xDCA;&#xDAD;&#xDCF; &#xDC3;&#xD82;&#xDC0;&#xDBB;&#xDCA;&#xDB0;&#xDB1; &#xD9A;&#xDDA;&#xDB1;&#xDCA;&#xDAF;&#xDCA;&#x200D;&#xDBB;&#xDBA;,</subfield>
    <subfield code="c">2010</subfield>
  </datafield>
  <datafield tag="700" ind1=" " ind2=" ">
    <subfield code="a">&#xDAF;&#xDC3;&#xDB1;&#xDCF;&#xDBA;&#xD9A;, &#xDC4;&#xDBB;&#xDD2;&#xDB1;&#xDCA;&#xDAF;&#xDCA;&#x200D;&#xDBB; </subfield>
    <subfield code="e">trans.</subfield>
  </datafield>
  <datafield tag="942" ind1=" " ind2=" ">
    <subfield code="c">BK</subfield>
  </datafield>
  <datafield tag="952" ind1=" " ind2=" ">
    <subfield code="0">0</subfield>
    <subfield code="1">0</subfield>
    <subfield code="4">0</subfield>
    <subfield code="7">0</subfield>
    <subfield code="a">MAIN</subfield>
    <subfield code="b">MAIN</subfield>
    <subfield code="d">2023-12-18</subfield>
    <subfield code="l">0</subfield>
    <subfield code="o">303.48 MAW</subfield>
    <subfield code="p">RAF1654</subfield>
    <subfield code="r">2023-12-18</subfield>
    <subfield code="w">2023-12-18</subfield>
    <subfield code="y">BK</subfield>
  </datafield>
  <datafield tag="999" ind1=" " ind2=" ">
    <subfield code="c">4516</subfield>
    <subfield code="d">4516</subfield>
  </datafield>
</record>
